1806 1583 1377 1781 1428 1409 1735 1953 1070 1439 1315 1679 1019 1614 1577 1259 1344 1521 1353 1768 1616 1451 1475 1862 1028 1013 1245 1937 1575 1670 1192 1533 1770 1258 1356 1906 1202 1322 1761 1223 1485 1133 1929 1995 1622 1655 1593 1350 1242 1487 1635 1569 1750 1515 1075 1301 1975 1290 1505 1407 1949 1941 1249 1905 1900 1089 1785 1371 1550 1045 1624 1185 1781 1502 1761 1413 1971 1251 1644 1711 1548 1077 1458 1867 1334 1634 1258 1557 1295 1325 1969 1765 1091 1158 1171 1278 1670 1051 1805 BCNSPRNW ULIB Ver.6.0+V

เปลี่ยนเป็นภาษาไทย

Change to English
 แสดงรายละเอียดบรรณานุกรม
  กลับหน้าหลัก

Brief Record : Get Marc (ISO 2709) : E-mail record : QR code < ปิดหน้าต่าง
LEADER : 00000nam 2200000uu 4500
001    13399113490
003     ULIB
008    111122s2550||||th 000 0 tha d
020    ^a9789744347595
090    ^aนว.^bด361ผ 2550
100 0  ^aดับลิว เค จา
245 00 ^aแผนลับ ฉบับ 50 วัน/^cดับลิว เค จา
250    ^aพิมพ์ครั้งที่ 1
260    ^aกรุงเทพฯ:^bฟิสิกส์เซ็นเตอร์,^c2550
300    ^a298 หน้า
710 1  ^aฟิสิกส์เซ็นเตอร์
945    ^p195^l0^i020589
995    ^aทศพร
999 ^a ทศพร
รายการนี้ยังไม่มีแท็ก
คุณยังไม่ได้ล็อกอิน คุณสามารถมีกิจกรรมร่วมกับเว็บไซต์ได้ แต่ต้องล็อกอินก่อน ::
  ล็อกอิน

รายการสื่อสารสนเทศ

ลำดับที่ ประเภท เลขเรียก/บาร์โค้ด สถานที่ สถานะ
1. นวนิยาย
นวนิยาย
นว. ด361ผ 2550 ฉ.1 
  Barcode: 020589
ห้องสมุดวิทยาเขตสวรรค์ประชารักษ์
►นวนิยาย
บนชั้น
  ขอยืม

BibComment


ยังไม่เคยถูกคอมเมนท์

คอมเมนท์ทรัพยากรรายการนี้
  คอมเมนท์: แผนลับ ฉบับ 50 ว..


 Copyright 2026. Bcnsprnw @Library